| 000 | 00568nam a22001937a 4500 | ||
|---|---|---|---|
| 999 |
_c51 _d51 |
||
| 003 | AR-CdUCM | ||
| 008 | 190221b ||||| |||| 00| 0 spa d | ||
| 040 |
_aMUNICIPALIDAD PROVINCIAL DEL CUSCO _cBIBLIOTECA MUNICIPAL DEL CUSCO |
||
| 082 |
_a869.7 / _bG166 |
||
| 100 |
_aGallegos, Rómulo _9251 |
||
| 245 | _aCantaclaro | ||
| 260 |
_aPerú : _bEditora Latinoamericana ; _c1958. |
||
| 300 |
_a227 páginas _c15cm |
||
| 505 | _aNovela | ||
| 650 |
_aNovela Venezolana _9252 |
||
| 650 |
_aLiteratura Latinoamericana _9253 |
||
| 942 |
_2ddc _cLIBROS |
||
| 945 |
_anom _d2019-02-21 |
||